00720nam a22001937a 450000500170000001000150001702000270003203500140005903700130007308200100008610000190009624501210011526000570023627000370029330000290033094200240035999900190038395201240040220171016115008.0 aENG-120998 a9789381039205c1675.00 aEN-104530 bDBAD/PUB a667.3 aPanda, Himadri aA concise guide on textile dyes, pigments and dye intermediates with textile printing technology /cby Himadri Panda aDelhibnpcs (NIIR Project Consultancy Service)c2013 a106-E,Kamla NagarbDelhie110007 a488p. :c22cm(pbk)bill. 2ddccENh667.3mPAN c146651d146651 001040718NFICaDBADbBNd2017-10-16eDBAD/PUBg1675.00l0o667.3 PANpEN-104530r2017-10-16 00:00:00t1v1675.00yEN